CRIMINAL LAW AND PROCEDURE (Record no. 165595)

MARC details
000 -LEADER
fixed length control field 00466nam a2200169Ia 4500
003 - CONTROL NUMBER IDENTIFIER
control field OSt
005 - DATE AND TIME OF LATEST TRANSACTION
control field 20250915104253.0
020 ## - INTERNATIONAL STANDARD BOOK NUMBER
International Standard Book Number 978-1-4018-1559-2
040 ## - CATALOGING SOURCE
Transcribing agency LC
050 ## - LIBRARY OF CONGRESS CALL NUMBER
Classification number KF 9219.3 .H 35 2004
Item number 1
100 ## - MAIN ENTRY--PERSONAL NAME
Personal name DANIEL E. HALL
245 #0 - TITLE STATEMENT
Title CRIMINAL LAW AND PROCEDURE
300 ## - PHYSICAL DESCRIPTION
Extent XXXi, 572 P, ILL
500 ## - GENERAL NOTE
General note INCLUDES INDEX
650 ## - SUBJECT ADDED ENTRY--TOPICAL TERM
Topical term or geographic name entry element Criminal procedure-United States Legal assistants, United States-Handbooks, manuals, etc
942 ## - ADDED ENTRY ELEMENTS (KOHA)
Koha item type Long Loan Book
Source of classification or shelving scheme Library of Congress Classification
Suppress in OPAC No
Holdings
Withdrawn status Lost status Source of classification or shelving scheme Damaged status Not for loan Collection Home library Current library Shelving location Date acquired Inventory number Total checkouts Full call number Barcode Date last seen Copy number Price effective from Koha item type
    Library of Congress Classification     Law Kisii University Library Kisii University Library On Display 09/15/2023 076332   KF 9219.3 .H35 2004 032671 09/15/2023 C.2 09/15/2023 Long Loan Book
    Library of Congress Classification     Law Kisii University Library Kisii University Library On Display 09/15/2023 62972   KF 92919.3 .H35 2004 032954 09/15/2023 C.1 09/15/2023 Long Loan Book
    Library of Congress Classification     Law Kisii University Library Kisii University Library   09/10/2025 93463   KF 9219.3 .H35 2004 040990 09/10/2025 3 09/10/2025 Long Loan Book